The resource handbook of electronics-(E-BOOK) (Record no. 191798)

000 -LEADER
fixed length control field 00600 a2200205 4500
003 - CONTROL NUMBER IDENTIFIER
control field Nust
005 - DATE AND TIME OF LATEST TRANSACTION
control field 20170207154024.0
020 ## - INTERNATIONAL STANDARD BOOK NUMBER
International Standard Book Number 0-8493-8353-6
040 ## - CATALOGING SOURCE
Transcribing agency Nust
082 0# - DEWEY DECIMAL CLASSIFICATION NUMBER
Classification number 621.381
100 1# - MAIN ENTRY--PERSONAL NAME
Personal name Whitaker, Jerry C.
245 04 - TITLE STATEMENT
Title The resource handbook of electronics-(E-BOOK)
Statement of responsibility, etc. Jerry C. Whitaker
260 ## - PUBLICATION, DISTRIBUTION, ETC.
Place of publication, distribution, etc. Boca Raton, Fl. ;
-- London :
Name of publisher, distributor, etc. CRC Press,
Date of publication, distribution, etc. cop. 2001
300 ## - PHYSICAL DESCRIPTION
Extent xvii, 491 s. :
Other physical details ill. ;
Dimensions 24 cm
440 #0 - SERIES STATEMENT/ADDED ENTRY--TITLE
Title Electronics handbook series
650 #7 - SUBJECT ADDED ENTRY--TOPICAL TERM
Topical term or geographic name entry element Electronics
650 #7 - SUBJECT ADDED ENTRY--TOPICAL TERM
Topical term or geographic name entry element Elektronik
651 ## - SUBJECT ADDED ENTRY--GEOGRAPHIC NAME
Geographic name E-BOOK
856 41 - ELECTRONIC LOCATION AND ACCESS
Uniform Resource Identifier <a href="http://www.engnetbase.com/pdf/ENGnetBASE/8353/8353%20toc.pdf">http://www.engnetbase.com/pdf/ENGnetBASE/8353/8353%20toc.pdf</a>
942 ## - ADDED ENTRY ELEMENTS (KOHA)
Source of classification or shelving scheme
Koha item type Book
Holdings
Withdrawn status Lost status Source of classification or shelving scheme Damaged status Not for loan Collection code Permanent Location Current Location Date acquired Total Checkouts Full call number Barcode Date last seen Price effective from Koha item type
            Military College of Signals (MCS) Military College of Signals (MCS) 12/12/2016   621.381 WHI MCSEB-784 12/08/2016 12/12/2016 Book
© 2023 Central Library, National University of Sciences and Technology. All Rights Reserved.